[Event "Stuttgart-chA int"]
[Site "Ditzingen"]
[Date "2018.05.11"]
[Round "4"]
[White "Jaster, Dirk"]
[Black "Wettengel, Alexander"]
[Result "0-1"]
[WhiteElo "1849"]
[BlackElo "2040"]
[PlyCount "94"]
[EventDate "2018.05.10"]
[EventType "swiss"]
[EventRounds "7"]
[EventCountry "GER"]
[SourceTitle "EXT 2020"]
[Source "ChessBase"]
[SourceDate "2019.10.17"]
[SourceVersion "1"]
[SourceVersionDate "2019.10.17"]
[SourceQuality "1"]

1. c4 Nc6 2. g3 e5 3. Bg2 Nf6 4. Nc3 Bb4 5. Nd5 a5 6. Nxb4 axb4 7. b3 0-0 8. e4 d6 9. h3 Nd4 10. Ne2 c5 11. 0-0 b5 12. d3 Ra7 13. Bd2 bxc4 14. dxc4 Bb7 15. Bg5 h6 16. Bxf6 Qxf6 17. Nc1 Qg6 18. Qg4 Bc8 19. Qd1 f5 20. Qd3 f4 21. f3 Qxg3 22. Ne2 Nxe2+ 23. Qxe2 Bxh3 24. Rf2 Rf6 25. Kh1 Rg6 26. Bxh3 Qxh3+ 27. Rh2 Qe6 28. Rd1 Ra6 29. Rd5 Ra7 30. Qd1 Rf7 31. Rdd2 Rff6 32. a4 bxa3 33. Qa1 Rg3 34. Rdg2 Rxf3 35. Qxa3 Rf1+ 36. Rg1 Rxg1+ 37. Kxg1 Qg4+ 38. Rg2 Qd1+ 39. Kh2 Qh5+ 40. Kg1 f3 41. Qa8+ Kh7 42. Rh2 Qxh2+ 43. Kxh2 f2 44. b4 f1Q 45. Qa2 Rf2+ 46. Qxf2 Qxf2+ 47. Kh1 cxb4 0-1

[Event "Staufer op 29th"]
[Site "Schwaebisch Gmuend"]
[Date "2017.01.03"]
[Round "4"]
[White "Skembris, Spyridon"]
[Black "Wettengel, Alexander"]
[Result "1-0"]
[WhiteElo "2388"]
[BlackElo "2090"]
[PlyCount "61"]
[EventDate "2017.01.02"]
[EventType "swiss"]
[EventRounds "9"]
[EventCountry "GER"]
[SourceTitle "CBM 176 Extra"]
[Source "ChessBase"]
[SourceDate "2017.03.02"]
[SourceVersion "1"]
[SourceVersionDate "2017.03.02"]
[SourceQuality "1"]

1. c4 e6 2. g3 c5 3. Nf3 Nf6 4. Bg2 d5 5. cxd5 Nxd5 6. Nc3 Nc6 7. 0-0 Be7 8. d4 cxd4 9. Nxd4 Nxd4 10. Qxd4 Nxc3 11. Qxc3 0-0 12. Be3 Bf6 13. Qa3 Qd7 14. Qb3 e5 15. Bd5 Qh3 16. Bc5 Rd8 17. Bxf7+ Kh8 18. Rad1 Rd4 19. Bxd4 exd4 20. Bd5 Qh5 21. Bf3 Qe5 22. e3 dxe3 23. Qxe3 Bh3 24. Rfe1 Qxe3 25. Rxe3 Bxb2 26. Bxb7 Rf8 27. Bc6 Bg4 28. Rd5 Kg8 29. Bd7 Bf3 30. Be6+ Kh8 31. Rxf3 1-0

[Event "Stuttgart-chA int"]
[Site "Ditzingen"]
[Date "2016.05.06"]
[Round "4"]
[White "Ott, Florian"]
[Black "Wettengel, Alexander"]
[Result "1-0"]
[WhiteElo "2255"]
[BlackElo "2105"]
[PlyCount "81"]
[EventDate "2016.05.05"]
[EventType "swiss"]
[EventRounds "7"]
[EventCountry "GER"]
[SourceTitle "EXT 2018"]
[Source "ChessBase"]
[SourceDate "2017.10.13"]
[SourceVersion "1"]
[SourceVersionDate "2017.10.13"]
[SourceQuality "1"]

1. d4 e6 2. c4 d5 3. Nc3 Bb4 4. e3 Nf6 5. a3 Bxc3+ 6. bxc3 c5 7. cxd5 exd5 8. Bd3 0-0 9. Ne2 Re8 10. 0-0 Nc6 11. f3 cxd4 12. cxd4 b6 13. Ng3 Bb7 14. Ra2 Na5 15. Re2 Rc8 16. Qe1 Nc4 17. Qf2 Nd6 18. Bb2 Rc7 19. Rfe1 Rce7 20. a4 Bc6 21. Ba3 Re6 22. Nf5 Nxf5 23. Bxf5 Bxa4 24. Bxe6 Rxe6 25. Kh1 Bb3 26. g4 Bc4 27. Rc2 h6 28. Qg3 b5 29. Rg2 Qa5 30. Bc1 Ne8 31. Reg1 Qb6 32. Qh3 g5 33. Qg3 b4 34. h4 Qd6 35. Qh3 Kg7 36. Rh2 gxh4 37. Qxh4 Qe7 38. g5 Bd3 39. e4 dxe4 40. d5 Re5 41. Qxh6+ 1-0

[Event "Stuttgart-chA int"]
[Site "Ditzingen"]
[Date "2016.05.06"]
[Round "3"]
[White "Wettengel, Alexander"]
[Black "Ruff, Robert"]
[Result "1-0"]
[WhiteElo "2105"]
[BlackElo "1871"]
[PlyCount "89"]
[EventDate "2016.05.05"]
[EventType "swiss"]
[EventRounds "7"]
[EventCountry "GER"]
[SourceTitle "EXT 2018"]
[Source "ChessBase"]
[SourceDate "2017.10.13"]
[SourceVersion "1"]
[SourceVersionDate "2017.10.13"]
[SourceQuality "1"]

1. e4 e6 2. d4 d5 3. Nc3 Bb4 4. exd5 exd5 5. Bd3 Nc6 6. a3 Ba5 7. b4 Bb6 8. Nge2 Nge7 9. 0-0 Bf5 10. Be3 0-0 11. Na4 Bxd3 12. Qxd3 Qd7 13. Ng3 f5 14. f4 Nc8 15. Nc5 Bxc5 16. dxc5 a6 17. Rad1 N8e7 18. Rfe1 Rad8 19. Ne2 Qe6 20. Bd4 Qf7 21. Ba1 Kh8 22. Qb3 Ng8 23. Rd3 Nf6 24. Bxf6 Qxf6 25. Red1 Ne7 26. Nd4 c6 27. Re1 Ng8 28. Re5 Rde8 29. Rde3 Rxe5 30. Rxe5 Nh6 31. Qd3 g6 32. Re6 Qh4 33. g3 Qh3 34. Nf3 Ng4 35. Qe2 Kg7 36. Re7+ Kg8 37. Ng5 Qh6 38. Rxh7 Qxg5 39. fxg5 Kxh7 40. h3 Nh6 41. gxh6 Kxh6 42. Qe7 Rb8 43. Kf2 b6 44. Qc7 Re8 45. cxb6 1-0

[Event "Stuttgart-chA int"]
[Site "Ditzingen"]
[Date "2014.05.31"]
[Round "7"]
[White "Loehr, Markus"]
[Black "Wettengel, Alexander"]
[Result "1-0"]
[WhiteElo "2248"]
[BlackElo "2089"]
[PlyCount "81"]
[EventDate "2014.05.29"]
[EventType "swiss"]
[EventRounds "7"]
[EventCountry "GER"]
[SourceTitle "EXT 2015"]
[Source "ChessBase"]
[SourceDate "2014.11.20"]
[SourceVersion "1"]
[SourceVersionDate "2014.11.20"]
[SourceQuality "1"]

1. d4 d5 2. Nf3 Nc6 3. c4 Bg4 4. Nc3 e6 5. cxd5 exd5 6. Bf4 Bxf3 7. gxf3 Bd6 8. Bg3 Nge7 9. e3 Qd7 10. Qb3 h5 11. 0-0-0 h4 12. Bxd6 Qxd6 13. Bh3 0-0 14. f4 Na5 15. Qc2 f5 16. Rhg1 Rf7 17. Rg5 Qd7 18. Qe2 Rc8 19. Rh5 c5 20. Rxh4 Ng6 21. Rh5 cxd4 22. Rxd4 Nc6 23. Rd2 d4 24. Kb1 Qe8 25. Nb5 Qe4+ 26. Qd3 Qf3 27. Bxf5 Qxh5 28. Bxg6 Qd5 29. Bxf7+ Kxf7 30. Nxd4 Ne7 31. e4 Qa5 32. Qb3+ Kg6 33. Rd1 Kh7 34. Qh3+ Kg8 35. Qe6+ Kf8 36. Qb3 Ke8 37. Ne6 b5 38. Nxg7+ Kf8 39. Ne6+ Ke8 40. Ng5 Rc4 41. Qh3 1-0

[Event "Stuttgart-chA int"]
[Site "Ditzingen"]
[Date "2014.05.30"]
[Round "4"]
[White "Gutman, Lev"]
[Black "Wettengel, Alexander"]
[Result "1-0"]
[WhiteElo "2453"]
[BlackElo "2089"]
[PlyCount "107"]
[EventDate "2014.05.29"]
[EventType "swiss"]
[EventRounds "7"]
[EventCountry "GER"]
[SourceTitle "EXT 2015"]
[Source "ChessBase"]
[SourceDate "2014.11.20"]
[SourceVersion "1"]
[SourceVersionDate "2014.11.20"]
[SourceQuality "1"]

1. Nf3 Nc6 2. d4 d5 3. g3 Bf5 4. Bg2 e6 5. 0-0 Be7 6. c4 Nf6 7. cxd5 exd5 8. Nc3 Ne4 9. Qb3 Nxc3 10. bxc3 Na5 11. Qa4+ c6 12. Nd2 b5 13. Qd1 0-0 14. e4 dxe4 15. Nxe4 Re8 16. Re1 Qd7 17. Bf4 Rad8 18. Nd2 Ba3 19. Rxe8+ Rxe8 20. Nb3 Nb7 21. Qd2 Be4 22. Bxe4 Rxe4 23. Be5 Qg4 24. Kg2 Qe2 25. Qg5 Rg4 26. Qf5 Qe4+ 27. Qxe4 Rxe4 28. Kf3 f5 29. Nd2 Rg4 30. Rb1 Be7 31. a4 a6 32. Nf1 Bd6 33. axb5 axb5 34. Ra1 Bxe5 35. Ra8+ Kf7 36. Ra7 Ke6 37. Rxb7 Bf6 38. Rb6 Kd6 39. Ne3 Kc7 40. Ra6 Kb7 41. Ra1 Re4 42. Nxf5 Re6 43. Rb1 g6 44. Ne3 Bg5 45. c4 Bxe3 46. fxe3 Ka6 47. cxb5+ cxb5 48. e4 Rf6+ 49. Ke3 Kb6 50. e5 Rf8 51. Rc1 b4 52. d5 Kb5 53. e6 Rf5 54. Kd4 1-0

[Event "Stuttgart-chA int"]
[Site "Ditzingen"]
[Date "2014.05.30"]
[Round "5"]
[White "Wettengel, Alexander"]
[Black "Eulering, Georg"]
[Result "1-0"]
[WhiteElo "2089"]
[BlackElo "2143"]
[PlyCount "51"]
[EventDate "2014.05.29"]
[EventType "swiss"]
[EventRounds "7"]
[EventCountry "GER"]
[SourceTitle "EXT 2015"]
[Source "ChessBase"]
[SourceDate "2014.11.20"]
[SourceVersion "1"]
[SourceVersionDate "2014.11.20"]
[SourceQuality "1"]

1. e4 Nf6 2. Nc3 d5 3. e5 Ne4 4. Nce2 Nc5 5. d4 Ne6 6. f4 g6 7. Nf3 Ng7 8. h3 h5 9. g3 e6 10. Be3 b6 11. Bg2 Nf5 12. Bf2 Be7 13. Qd2 Ba6 14. 0-0-0 Nc6 15. g4 Ng7 16. Ng3 Qd7 17. Ng5 Nb4 18. c3 Nd3+ 19. Kb1 Nxf2 20. Qxf2 h4 21. Nf1 c5 22. Ne3 b5 23. dxc5 Bxc5 24. Qe2 Bb7 25. Ne4 Be7 26. Nf6+ 1-0

[Event "Stuttgart-chA int"]
[Site "Ditzingen"]
[Date "2014.05.30"]
[Round "3"]
[White "Wettengel, Alexander"]
[Black "Gheng, Josef"]
[Result "1-0"]
[WhiteElo "2089"]
[BlackElo "2327"]
[PlyCount "61"]
[EventDate "2014.05.29"]
[EventType "swiss"]
[EventRounds "7"]
[EventCountry "GER"]
[SourceTitle "EXT 2015"]
[Source "ChessBase"]
[SourceDate "2014.11.20"]
[SourceVersion "1"]
[SourceVersionDate "2014.11.20"]
[SourceQuality "1"]

1. e4 e5 2. Nf3 d6 3. d4 exd4 4. Nxd4 Nf6 5. Nc3 Be7 6. Bc4 0-0 7. 0-0 c6 8. a3 a5 9. Ba2 a4 10. b4 axb3 11. cxb3 Re8 12. b4 Bf8 13. f3 b5 14. Kh1 Ra7 15. Qc2 Nbd7 16. Qf2 Nb6 17. Be3 Rb7 18. Rad1 Nc4 19. Bxc4 bxc4 20. f4 Qc7 21. Nf3 Nd7 22. Bd4 c5 23. Nd5 Qc6 24. Ba1 Rxe4 25. Ng5 Re6 26. Qf3 Nb8 27. f5 Re8 28. Nxh7 Re5 29. Bxe5 dxe5 30. Nxf8 Kxf8 31. f6 1-0

[Event "Oberliga Wuerttemberg 1314"]
[Site "Wuerttemberg"]
[Date "2013.10.13"]
[Round "1.6"]
[White "Maeurer, Christoph"]
[Black "Wettengel, Alexander"]
[Result "1-0"]
[WhiteElo "2195"]
[BlackElo "2066"]
[PlyCount "147"]
[EventDate "2013.10.13"]
[EventType "team-tourn"]
[EventRounds "9"]
[EventCountry "GER"]
[SourceTitle "EXT 2019"]
[Source "ChessBase"]
[SourceDate "2018.10.10"]
[SourceVersion "1"]
[SourceVersionDate "2018.10.10"]
[SourceQuality "1"]
[WhiteTeam "Stuttgart SF"]
[BlackTeam "Stuttgart SF II"]
[WhiteTeamCountry "GER"]
[BlackTeamCountry "GER"]

1. Nf3 Nc6 2. d4 d5 3. g3 Bf5 4. Bg2 e6 5. 0-0 Bd6 6. b3 Nf6 7. Bb2 0-0 8. c4 Ne4 9. Nh4 Be7 10. Nxf5 exf5 11. e3 dxc4 12. bxc4 Bf6 13. Nc3 Nxc3 14. Bxc3 Qd7 15. Qa4 Rfd8 16. Rfb1 Rab8 17. Rxb7 Rxb7 18. Bxc6 Qc8 19. Bxb7 Qxb7 20. Qb3 Qf3 21. Ba5 h5 22. Rb1 Re8 23. Bxc7 h4 24. Qd1 Qc6 25. Rb8 Rxb8 26. Bxb8 Qxc4 27. Bxa7 Qxa2 28. Bc5 Qd5 29. gxh4 Bxh4 30. f3 Bd8 31. Qe2 Bf6 32. Kg2 Kh7 33. Kf1 Kg8 34. Kg2 g6 35. Kg3 Bd8 36. f4 Qe4 37. Qf3 Bh4+ 38. Kg2 Kg7 39. Qxe4 fxe4 40. f5 gxf5 41. Bd6 Be1 42. Kf1 Bh4 43. Ke2 Bd8 44. Kd2 Bg5 45. Bf4 Bh4 46. Kc3 Kf6 47. d5 Ke7 48. Kd4 Bf6+ 49. Be5 Bg5 50. Bg3 Bf6+ 51. Kc5 Kd7 52. h4 Be7+ 53. Kc4 f4 54. exf4 f5 55. Bf2 Bd6 56. Be3 Be7 57. h5 Bf8 58. Bd4 Bh6 59. Be5 Bf8 60. Kd4 Bh6 61. Ke3 Bf8 62. Kf2 Bc5+ 63. Kg3 Bf8 64. Kh3 Ke8 65. Kh4 Be7+ 66. Kg3 Kf7 67. h6 Kg6 68. d6 Bd8 69. Bg7 Bb6 70. Kg2 Kf7 71. Kf1 Kg6 72. Bf8 Kf7 73. h7 Bd4 74. d7 1-0

[Event "Oberliga Wuerttemberg 1112"]
[Site "Wuerttemberg"]
[Date "2011.11.13"]
[Round "3.8"]
[White "Wettengel, Alexander"]
[Black "Schindler, Dirk Steffen"]
[Result "1-0"]
[WhiteElo "2109"]
[BlackElo "2055"]
[PlyCount "69"]
[EventDate "2011.10.09"]
[EventType "team-tourn"]
[EventRounds "9"]
[EventCountry "GER"]
[SourceTitle "EXT 2019"]
[Source "ChessBase"]
[SourceDate "2018.10.10"]
[SourceVersion "1"]
[SourceVersionDate "2018.10.10"]
[SourceQuality "1"]
[WhiteTeam "Stuttgart SF II"]
[BlackTeam "Biberach"]
[WhiteTeamCountry "GER"]
[BlackTeamCountry "GER"]

1. e4 e5 2. Nf3 Nc6 3. Bc4 Bc5 4. c3 Qe7 5. 0-0 d6 6. d4 Bb6 7. h3 Nf6 8. Re1 a6 9. Na3 0-0 10. Bd5 Nb8 11. Nc4 Nbd7 12. Nxb6 Nxb6 13. Bb3 h6 14. Nh4 c6 15. Ng6 Qc7 16. Nxf8 Kxf8 17. dxe5 dxe5 18. Qf3 a5 19. Bxh6 a4 20. Qxf6 gxh6 21. Rad1 Bxh3 22. Qxh6+ Ke8 23. Qxh3 axb3 24. axb3 Ke7 25. Qh4+ Ke6 26. Qg4+ Ke7 27. Qg5+ Ke6 28. Re3 Rf8 29. Rh3 Qb8 30. Rh6+ f6 31. Qf5+ Ke7 32. Rh7+ Rf7 33. Rxf7+ Kxf7 34. Rd3 Qf8 35. Rh3 1-0

[Event "Oberliga Wuerttemberg 1011"]
[Site "Wuerttemberg"]
[Date "2011.03.27"]
[Round "8"]
[White "Wettengel, Alexander"]
[Black "Koppenhoefer, Bernhard"]
[Result "1-0"]
[WhiteElo "2115"]
[BlackElo "2127"]
[PlyCount "53"]
[EventDate "2010.09.26"]
[EventType "team-tourn"]
[EventRounds "9"]
[EventCountry "GER"]
[SourceTitle "EXT 2019"]
[Source "ChessBase"]
[SourceDate "2018.10.10"]
[SourceVersion "1"]
[SourceVersionDate "2018.10.10"]
[SourceQuality "1"]
[WhiteTeam "Stuttgart SF II"]
[BlackTeam "Tuebingen"]
[WhiteTeamCountry "GER"]
[BlackTeamCountry "GER"]

1. e4 c5 2. Nf3 e6 3. d4 cxd4 4. Nxd4 Bc5 5. Nb5 Qb6 6. Be3 Bxe3 7. fxe3 Qxe3+ 8. Be2 Na6 9. N1c3 Nf6 10. Nd6+ Ke7 11. a3 Ng4 12. Nf5+ exf5 13. Nd5+ Kd8 14. Nxe3 Nxe3 15. Qd2 f4 16. g3 Nc5 17. gxf4 Ng2+ 18. Kf1 Nh4 19. Qd5 Ne6 20. f5 Ng5 21. Rg1 f6 22. Rg4 Nhf3 23. Bxf3 Nxf3 24. Rxg7 Re8 25. Rd1 Ne5 26. Qd6 a5 27. Qb6# 1-0

[Event "Staufer op 23rd"]
[Site "Leinzell"]
[Date "2011.01.06"]
[Round "9"]
[White "Wettengel, Alexander"]
[Black "Knickel, Aaron"]
[Result "1-0"]
[WhiteElo "2105"]
[BlackElo "2178"]
[PlyCount "43"]
[EventDate "2011.01.02"]
[EventType "swiss"]
[EventRounds "9"]
[EventCountry "GER"]
[SourceTitle "CBM 140 Extra"]
[Source "ChessBase"]
[SourceDate "2011.03.01"]
[SourceVersion "1"]
[SourceVersionDate "2011.03.01"]
[SourceQuality "1"]

1. e4 g6 2. d4 d6 3. Nc3 Bg7 4. Be3 a6 5. Qd2 b5 6. f4 Bb7 7. Bd3 Nf6 8. e5 Ng4 9. Nf3 Nxe3 10. Qxe3 e6 11. d5 0-0 12. dxe6 fxe6 13. 0-0 d5 14. Ng5 Qe8 15. Qh3 h6 16. Qxe6+ Kh8 17. Qxe8 Rxe8 18. Bxg6 Re7 19. Nf3 Nd7 20. Nh4 b4 21. Nf5 Re6 22. Bf7 1-0

[Event "Stuttgart-ch op"]
[Site "Ditzingen"]
[Date "2009.05.22"]
[Round "4"]
[White "Schuh, Dirk"]
[Black "Wettengel, Alexander"]
[Result "1-0"]
[WhiteElo "2313"]
[BlackElo "2074"]
[PlyCount "45"]
[EventDate "2009.05.21"]
[EventType "swiss"]
[EventRounds "7"]
[EventCountry "GER"]
[SourceTitle "CBM 130 Extra"]
[Source "ChessBase"]
[SourceDate "2009.07.02"]
[SourceVersion "2"]
[SourceVersionDate "2009.07.15"]
[SourceQuality "1"]

1. e4 e6 2. d3 d5 3. Qe2 Nf6 4. Nf3 Be7 5. g3 0-0 6. Bg2 c5 7. 0-0 Nc6 8. e5 Nd7 9. c4 Nb6 10. h4 Nd4 11. Nxd4 cxd4 12. b3 dxc4 13. dxc4 Qc7 14. Bb2 Bc5 15. Na3 Nd7 16. Rfe1 Bb4 17. Nb5 Qb8 18. Ba3 Bxa3 19. Nxa3 f6 20. exf6 Rxf6 21. f4 Rg6 22. f5 d3 23. Qe3 1-0

[Event "Oberliga Wuerttemberg 0809"]
[Site "Wuerttemberg"]
[Date "2009.02.01"]
[Round "6.6"]
[White "Eisele, Steffen"]
[Black "Wettengel, Alexander"]
[Result "1/2-1/2"]
[WhiteElo "2174"]
[BlackElo "2033"]
[PlyCount "67"]
[EventDate "2008.10.12"]
[EventType "team-tourn"]
[EventRounds "9"]
[EventCountry "GER"]
[SourceTitle "EXT 2019"]
[Source "ChessBase"]
[SourceDate "2018.10.10"]
[SourceVersion "1"]
[SourceVersionDate "2018.10.10"]
[SourceQuality "1"]
[WhiteTeam "Schmiden/Cannstatt"]
[BlackTeam "Bebenhausen"]
[WhiteTeamCountry "GER"]
[BlackTeamCountry "GER"]

1. e4 e6 2. d4 d5 3. Nc3 Bb4 4. e5 c5 5. a3 Bxc3+ 6. bxc3 Qc7 7. Nf3 b6 8. Bb5+ Bd7 9. a4 Bxb5 10. axb5 a5 11. h4 h6 12. c4 dxc4 13. d5 Qd7 14. d6 Qxb5 15. h5 Nd7 16. Qe2 0-0-0 17. 0-0 f6 18. Bf4 fxe5 19. Nxe5 Nxe5 20. Qxe5 Nf6 21. d7+ Kb7 22. Rfb1 Qxd7 23. Qc3 Qc6 24. Rxa5 Ra8 25. Rab5 Nd7 26. Qxg7 Ka6 27. Ra1+ Kb7 28. Rab1 Ka6 29. Qa1+ Kb7 30. Qc3 Rhg8 31. g3 Qd5 32. Be3 Ra6 33. Bxh6 Qxh5 34. Be3 1/2-1/2